Politics and governance : (Record no. 72345)

MARC details
000 -LEADER
fixed length control field 01079nam a22002897i 4500
003 - CONTROL NUMBER IDENTIFIER
control field URS
005 - DATE AND TIME OF LATEST TRANSACTION
control field 20230817125823.0
008 - FIXED-LENGTH DATA ELEMENTS--GENERAL INFORMATION
fixed length control field 160401s2010 -ph||||| |||| 00| 0 eng d
020 ## - INTERNATIONAL STANDARD BOOK NUMBER
International Standard Book Number 9789712356667
040 ## - CATALOGING SOURCE
Description conventions rda
Transcribing agency urs
Language of cataloging eng
050 14 - LIBRARY OF CONGRESS CALL NUMBER
Classification number DS655
Item number .C8239 2010
100 1# - MAIN ENTRY--PERSONAL NAME
Personal name Costales, Rodrigo D.
Relator term author
245 10 - TITLE STATEMENT
Title Politics and governance :
Remainder of title history, government and constitution /
Statement of responsibility, etc. Rodrigo D. Costales, Dennis J. Saluba, Abigeil F. Carlos
264 #1 - PRODUCTION, PUBLICATION, DISTRIBUTION, MANUFACTURE, AND COPYRIGHT NOTICE
Place of production, publication, distribution, manufacture Manila :
Name of producer, publisher, distributor, manufacturer Rex Book Store,
Date of production, publication, distribution, manufacture, or copyright notice [date of publication not identified].
264 #4 - PRODUCTION, PUBLICATION, DISTRIBUTION, MANUFACTURE, AND COPYRIGHT NOTICE
Date of production, publication, distribution, manufacture, or copyright notice copyright 2010
300 ## - PHYSICAL DESCRIPTION
Extent 305 pages ;
Dimensions 23 cm
336 ## - CONTENT TYPE
Source rdacontent
Content type term text
337 ## - MEDIA TYPE
Source rdamedia
Media type term unmediated
338 ## - CARRIER TYPE
Source rdacarrier
Carrier type term volume
500 ## - GENERAL NOTE
General note Includes index.
524 ## - PREFERRED CITATION OF DESCRIBED MATERIALS NOTE
Preferred citation of described materials note Costales, R. D., Saluba, D. J., Carlos, A. F. (2010). Politics and governance: history, government and constitution. Manila: Rex Book Store.
650 #0 - SUBJECT ADDED ENTRY--TOPICAL TERM
Topical term or geographic name entry element Political science
General subdivision History
650 #0 - SUBJECT ADDED ENTRY--TOPICAL TERM
Topical term or geographic name entry element Political science
General subdivision Study and teaching
700 1# - ADDED ENTRY--PERSONAL NAME
Personal name Saluba, Dennis J.
Relator term author
700 1# - ADDED ENTRY--PERSONAL NAME
Personal name Carlos, Abigeil F.
Relator term author
942 ## - ADDED ENTRY ELEMENTS (KOHA)
Koha item type Filipiniana
Source of classification or shelving scheme Library of Congress Classification
Holdings
Withdrawn status Source of classification or shelving scheme Damaged status Not for loan Collection code Home library Current library Shelving location Date acquired Total Checkouts Full call number Barcode Date last seen Date last checked out Price effective from Koha item type
  Library of Congress Classification     Non-fiction Tanay College Library Tanay College Library General Stacks 12/23/2014 1 DS655 .C8239 2010 URSTAN-N1520 09/13/2019 09/13/2019 03/10/2016 Reserved Books
  Library of Congress Classification     Non-fiction Tanay College Library Tanay College Library General Stacks 12/23/2014   DS 655 C8239 2010 URSTAN-N1521 06/28/2018   03/10/2016 Filipiniana

University of Rizal System
Email us at univlibservices@urs.edu.ph

Visit our Website www.urs.edu.ph/library